Music Quiz

Random Music or Lyrics Quiz

Kygo & Ellie Goulding - 'First Time' Lyrics Quiz Stats

Quiz not verified by Sporcle

Challenge
Share
Tweet
Embed
Score 0/225 Timer 08:00
0 Plays Today
Lyrics % Correct
We
100%
were
100%
for
100%
the
100%
first
100%
time
100%
all
100%
the
100%
The
100%
yeah
100%
We
100%
were
100%
on
100%
It
100%
we
100%
it,
100%
yeah,
100%
yeah
100%
We
100%
were
100%
we
100%
were
100%
We
100%
were
100%
we
100%
were
100%
We
100%
were
100%
do
100%
it
100%
all
100%
on
100%
a
100%
we
100%
first
100%
a
100%
do
100%
it
100%
all
100%
a
100%
a
100%
on
100%
the
100%
do
100%
it
100%
all
100%
We
100%
were
100%
on
100%
a
100%
for
100%
the
100%
the
100%
time,
100%
yeah
100%
a
100%
the
100%
yeah,
100%
yeah
100%
We
100%
were
100%
we
100%
were
100%
We
100%
were
100%
we
100%
were
100%
We
100%
were
100%
do
100%
it
100%
all
100%
on
100%
a
100%
we
100%
Lyrics % Correct
first
100%
a
100%
do
100%
it
100%
all
100%
a
100%
a
100%
on
100%
the
100%
do
100%
it
100%
all
100%
lovers
95.7%
and
95.7%
and
95.7%
and
95.7%
and
95.7%
again
95.7%
again
95.7%
and
95.7%
again
95.7%
lovers
95.7%
and
95.7%
and
95.7%
again
95.7%
again
95.7%
and
95.7%
again...
95.7%
Running
91.3%
was
91.3%
was
91.3%
was
91.3%
was
91.3%
Three
91.3%
was
91.3%
was
91.3%
was
91.3%
Three
91.3%
red
87%
our
87%
young
87%
older
87%
I'd
87%
Getting
87%
drunk
87%
train
87%
our
87%
I'd
87%
I'd
87%
our
87%
our
87%
Our
87%
young
87%
older
87%
I'd
87%
Getting
87%
drunk
87%
train
87%
our
87%
I'd
87%
I'd
87%
lights
82.6%
Smoking
82.6%
high
82.6%
high
82.6%
middle
78.3%
finger
78.3%
sober
78.3%
now
78.3%
But
78.3%
back,
78.3%
cigarettes
78.3%
love
78.3%
sober
78.3%
now
78.3%
Lyrics % Correct
But
78.3%
back,
78.3%
cigarettes
78.3%
peace
73.9%
reckless
73.9%
track
73.9%
when
73.9%
of
73.9%
track
73.9%
when
73.9%
sign,
69.6%
over
69.6%
I'm
69.6%
Way
69.6%
Ten
69.6%
dollars
69.6%
fat
69.6%
line
69.6%
over
69.6%
I'm
69.6%
Way
69.6%
Ten
69.6%
dollars
69.6%
fat
69.6%
emotions
65.2%
inhaling
65.2%
every
65.2%
owned
65.2%
tried
65.2%
stack
65.2%
Your
65.2%
wild
65.2%
finish
65.2%
tried
65.2%
stack
65.2%
Your
65.2%
moment
60.9%
playback
60.9%
playback
60.9%
sipping
56.5%
dad's
52.2%
end
52.2%
dad's
52.2%
jacket
47.8%
black
47.8%
Honda
47.8%
ride
47.8%
Speeding
47.8%
as
47.8%
to
47.8%
jacket
47.8%
Honda
47.8%
Maybach
43.5%
off
43.5%
down
43.5%
Maybach
43.5%
snapback
39.1%
stacks
39.1%
snapback
39.1%
stacks
39.1%
bridges
34.8%
empire
34.8%
Started
30.4%
Burning
30.4%
something
30.4%
could
30.4%
under,
26.1%
until
26.1%
wildfire
26.1%
they
26.1%
admire,
26.1%
under,
26.1%
Bomber
21.7%
Come
21.7%
Bomber
21.7%

You're not logged in!

Compare scores with friends on all Sporcle quizzes.
Sign Up with Email
OR
Log In

You Might Also Like...

Show Comments

Extras

Top Quizzes Today


Score Distribution

Your Account Isn't Verified!

In order to create a playlist on Sporcle, you need to verify the email address you used during registration. Go to your Sporcle Settings to finish the process.

Report this User

Report this user for behavior that violates our Community Guidelines.

Details: